[Event "23rd European Teams"]
[Site "Terme Catez SLO"]
[Date "2021.11.21"]
[Round "9.10"]
[Board "2"]
[White "Brkic, Ante"]
[Black "Lupulescu, Constantin"]
[Result "1-0"]
[WhiteTitle "GM"]
[BlackTitle "GM"]
[WhiteElo "2599"]
[BlackElo "2624"]
[WhiteTeam "Croatia"]
[BlackTeam "Romania"]
[WhiteFideId "14506688"]
[BlackFideId "1207822"]
[EventDate "2021.11.12"]

1. e4 e6 2. d4 d5 3. Nc3 Nf6 4. Bg5 h6 5. Bxf6 Qxf6 6. exd5 Bb4 7. Bc4 exd5 8.
Bxd5 O-O 9. Ne2 Rd8 10. O-O Bxc3 11. Nxc3 Nc6 12. Bxc6 bxc6 13. Re1 Rxd4 14. Ne4
Qe5 15. Qf3 Be6 16. c3 Rdd8 17. b3 a5 18. c4 a4 19. Nc3 Qa5 20. Nxa4 Bxc4 21.
Qc3 Qxc3 22. Nxc3 Rd3 23. Rac1 Be6 24. Red1 Rxd1+ 25. Rxd1 c5 26. Rc1 Ra3 27.
Kf1 c4 28. b4 Kf8 29. Ke2 Ke7 30. Kd2 Ra8 31. Kc2 Bf5+ 32. Kb2 Rb8 33. a3 Kd6
34. Re1 g5 35. Na4 Ra8 36. Nc3 Rb8 37. Na4 Ra8 38. Rd1+ Kc6 39. Nc3 Re8 40. Rd4
Bd3 41. a4 Re1 42. b5+ Kb6 43. Rd7 f5 44. Ka3 Ka5 45. Rxc7 Ra1+ 46. Kb2 Rf1 47.
Nd5 Kxa4 48. b6 Rb1+ 49. Kc3 Be4 50. Kxc4 Bxd5+ 51. Kxd5 Rxb6 52. Rc6 Rb2 53.
Rxh6 Rxf2 54. g3 g4 55. Ke5 Kb5 56. Rf6 Kc5 57. Ke6 Kd4 58. Rxf5 Rxh2 59. Rf4+
Ke3 60. Kf5 Rh8 61. Kxg4 Ke2 62. Rf7 Ke3 63. Rf4 Ke2 64. Rf6 Ke3 65. Kf5 Kf3 66.
g4 Ra8 67. g5 Ra5+ 68. Ke6+ Kg4 69. g6 Ra6+ 70. Kf7 Ra7+ 71. Kg8 Kg5 72. Rb6 1-0

[Event "23rd European Teams"]
[Site "Terme Catez SLO"]
[Date "2021.11.21"]
[Round "9.11"]
[Board "1"]
[White "Ragger, Markus"]
[Black "Andersen, Mads"]
[Result "1/2-1/2"]
[WhiteTitle "GM"]
[BlackTitle "GM"]
[WhiteElo "2668"]
[BlackElo "2575"]
[WhiteTeam "Austria"]
[BlackTeam "Denmark"]
[WhiteFideId "1610856"]
[BlackFideId "1413864"]
[EventDate "2021.11.12"]

1. e4 e5 2. Nf3 Nc6 3. Bb5 a6 4. Ba4 Nf6 5. O-O b5 6. Bb3 Bc5 7. c3 d6 8. a4 Rb8
9. d4 Bb6 10. a5 Ba7 11. h3 Bb7 12. Be3 Nxe4 13. Re1 exd4 14. cxd4 Ne7 15. Nc3
d5 16. Nxe4 dxe4 17. Ng5 Bd5 18. Nxe4 O-O 19. Bg5 f6 20. Bf4 Rf7 21. Rc1 Rc8 22.
Bd6 cxd6 23. Rxc8 Qxc8 24. Bxd5 Nxd5 25. Nxd6 Qd7 26. Nxf7 Kxf7 27. Qh5+ Kf8 28.
Qxh7 Ne7 29. Qh8+ Kf7 30. Qh5+ Kf8 31. Qf3 Kf7 32. d5 Bc5 33. Rc1 Bd6 34. Qh5+
Kg8 35. Qf3 Be5 36. Rd1 Qd6 37. b3 g5 38. g3 Kg7 39. Qg4 Kh6 40. h4 gxh4 41.
Qxh4+ Kg7 42. Qg4+ Kf7 43. Qh5+ Kg7 44. Qg4+ Kf7 45. Qe4 Bc3 46. Rd3 Bxa5 47.
Qh7+ Ke8 48. Rf3 Bb6 49. Qg7 Bd4 50. Qh8+ Kd7 51. Qa8 Nxd5 52. Qb7+ Kd8 53. Kh2
Nc7 54. Rf4 Be5 55. Rh4 Qe7 56. Qe4 Qe8 57. Qb7 Qe7 58. Qe4 Qe8 59. Qb7 1/2-1/2

[Event "23rd European Teams"]
[Site "Terme Catez SLO"]
[Date "2021.11.21"]
[Round "9.11"]
[Board "2"]
[White "Bjerre, Jonas Buhl"]
[Black "Dragnev, Valentin"]
[Result "1-0"]
[WhiteTitle "GM"]
[BlackTitle "GM"]
[WhiteElo "2569"]
[BlackElo "2548"]
[WhiteTeam "Denmark"]
[BlackTeam "Austria"]
[WhiteFideId "1444948"]
[BlackFideId "1634852"]
[EventDate "2021.11.12"]

1. e4 c5 2. Nf3 d6 3. Bb5+ Nd7 4. d4 cxd4 5. Nxd4 Nf6 6. Bd3 Nc5 7. Nc3 a6 8.
Nb3 Nxd3+ 9. Qxd3 e6 10. Bf4 b5 11. a3 Bb7 12. O-O-O Be7 13. Bxd6 Bxd6 14. Qxd6
Qxd6 15. Rxd6 Nxe4 16. Nxe4 Bxe4 17. Nc5 Bxg2 18. Rg1 Bf3 19. Rxg7 Rc8 20. Rg3
Bd5 21. Nxa6 h5 22. Rb6 h4 23. Rg4 Bb3 24. Nb4 Bc4 25. Kd2 h3 26. b3 Bf1 27. Rg1
Bg2 28. Rxb5 Ke7 29. Nd3 Rhg8 30. Rh5 Rg4 31. f4 Bf3 32. Rxg4 Bxg4 33. Rc5 Ra8
34. Ne5 1-0

[Event "23rd European Teams"]
[Site "Terme Catez SLO"]
[Date "2021.11.21"]
[Round "9.12"]
[Board "1"]
[White "Lenic, Luka"]
[Black "Moroni, Luca Jr"]
[Result "1/2-1/2"]
[WhiteTitle "GM"]
[BlackTitle "GM"]
[WhiteElo "2633"]
[BlackElo "2580"]
[WhiteTeam "Slovenia 1"]
[BlackTeam "Italy"]
[WhiteFideId "14603853"]
[BlackFideId "865834"]
[EventDate "2021.11.12"]

1. d4 d5 2. c4 e6 3. Nf3 Nf6 4. Nc3 Be7 5. Bf4 O-O 6. e3 Nbd7 7. a3 c5 8. cxd5
Nxd5 9. Nxd5 exd5 10. dxc5 Nxc5 11. Be5 Bf6 12. Bxf6 Qxf6 13. Qd4 Qxd4 14. Nxd4
Bd7 15. f3 Rfc8 16. Kd2 Ne6 17. Bd3 Nxd4 18. exd4 g6 19. Rac1 Be6 20. Rc5 b6 21.
Rxc8+ Rxc8 22. Rc1 Rxc1 23. Kxc1 Kf8 24. Kd2 Ke7 25. Ke3 h6 26. h4 Bd7 27. Be2
f5 28. f4 h5 29. b4 b5 30. g3 a6 1/2-1/2

[Event "23rd European Teams"]
[Site "Terme Catez SLO"]
[Date "2021.11.21"]
[Round "9.12"]
[Board "4"]
[White "Lodici, Lorenzo"]
[Black "Sebenik, Matej"]
[Result "0-1"]
[WhiteTitle "IM"]
[BlackTitle "GM"]
[WhiteElo "2529"]
[BlackElo "2509"]
[WhiteTeam "Italy"]
[BlackTeam "Slovenia 1"]
[WhiteFideId "884189"]
[BlackFideId "14602296"]
[EventDate "2021.11.12"]

1. d4 Nf6 2. c4 g6 3. Nc3 Bg7 4. e4 d6 5. f3 O-O 6. Nge2 c5 7. d5 e6 8. Ng3 exd5
9. cxd5 a6 10. a4 h5 11. Be2 Nh7 12. Bf4 Qe7 13. Qd2 h4 14. Nf1 g5 15. Be3 f5
16. exf5 Bxf5 17. g3 Nd7 18. gxh4 gxh4 19. Rg1 Kh8 20. Rxg7 Qxg7 21. Bh6 Qe5 22.
Bxf8 Rxf8 23. O-O-O Bg6 24. Qh6 Qg5+ 25. Qxg5 Nxg5 26. Nd2 Ne5 27. Nc4 Nxc4 28.
Rg1 Bd3 29. Bxd3 Nxf3 30. Rf1 Ne3 31. Rf2 Ng4 32. Rg2 Nfxh2 33. Be2 Rf2 34. Rxg4
Nxg4 35. Bxg4 Rh2 36. Ne4 h3 37. Nxd6 Rh1+ 38. Kd2 h2 39. Bf3 Rf1 40. Be4 Rf4
41. Bh1 b6 42. a5 bxa5 43. Ne4 Rf1 44. Bg2 Kg7 45. Kc3 Rg1 46. Bf3 Kf7 47. Kc4
Rc1+ 48. Nc3 a4 49. Kd3 Ke7 50. Ne4 c4+ 51. Kd4 Rb1 52. d6+ Kd8 53. Nc3 Rxb2 54.
Nxa4 Rd2+ 55. Kxc4 Rxd6 56. Kc5 Rd3 57. Be4 Re3 58. Bg2 Kc7 59. Nb6 Rc3+ 60. Kb4
Rg3 61. Na8+ Kb8 62. Bc6 Rg1 63. Ka5 Ka7 64. Nb6 Rg5+ 0-1

[Event "23rd European Teams"]
[Site "Terme Catez SLO"]
[Date "2021.11.21"]
[Round "9.13"]
[Board "2"]
[White "Georgiadis, Nico"]
[Black "Petenyi, Tamas"]
[Result "1-0"]
[WhiteTitle "GM"]
[BlackTitle "IM"]
[WhiteElo "2553"]
[BlackElo "2458"]
[WhiteTeam "Switzerland"]
[BlackTeam "Slovakia"]
[WhiteFideId "1300113"]
[BlackFideId "14909090"]
[EventDate "2021.11.12"]

1. e4 e5 2. Nf3 Nc6 3. Bb5 Nge7 4. Nc3 Ng6 5. d4 exd4 6. Nxd4 Bc5 7. Nf5 O-O 8.
Be3 Bxe3 9. Nxe3 d6 10. Qd2 a6 11. Bxc6 bxc6 12. g3 f5 13. exf5 Bxf5 14. f4 Rb8
15. O-O-O Qf6 16. Nxf5 Qxf5 17. Qd4 Qf7 18. Rhe1 Ne7 19. b3 Nf5 20. Qe4 Qh5 21.
Qxc6 Qxh2 22. Qc4+ Kh8 23. g4 Nh6 24. f5 Qh4 25. Rg1 c5 26. Rxd6 Qg5+ 27. Kb2
Nxf5 28. Qxc5 Qe3 29. Qxe3 Nxe3 30. Rd3 Nc4+ 31. Kc1 Ne5 32. Re3 Nc6 33. g5 Rf2
34. Rge1 Kg8 35. R1e2 Rxe2 36. Rxe2 Kf7 37. Nd5 Nb4 38. Nxb4 Rxb4 39. c4 h5 40.
gxh6 gxh6 41. Kc2 Rb6 42. c5 Rg6 43. b4 h5 44. a4 h4 45. Kd3 h3 46. b5 Rg2 47.
Re5 h2 48. Rh5 axb5 49. axb5 Rg5 50. Rh7+ Ke6 51. Kc4 Rg4+ 52. Kb3 Kd5 53. Rh5+
Kd4 54. Kb4 Rg2 55. c6 Rb2+ 56. Ka5 Kc4 57. c7 Rxb5+ 1-0

[Event "23rd European Teams"]
[Site "Terme Catez SLO"]
[Date "2021.11.21"]
[Round "9.14"]
[Board "1"]
[White "Laurusas, Tomas"]
[Black "Grandelius, Nils"]
[Result "1/2-1/2"]
[WhiteTitle "IM"]
[BlackTitle "GM"]
[WhiteElo "2553"]
[BlackElo "2669"]
[WhiteTeam "Lithuania"]
[BlackTeam "Sweden"]
[WhiteFideId "12803731"]
[BlackFideId "1710400"]
[EventDate "2021.11.12"]

1. d4 Nf6 2. c4 g6 3. Nc3 d5 4. cxd5 Nxd5 5. e4 Nxc3 6. bxc3 Bg7 7. Nf3 c5 8.
Be3 Qa5 9. Nd2 cxd4 10. Nc4 Qa6 11. cxd4 O-O 12. Rb1 b5 13. Nd2 Bd7 14. Qb3 Rc8
15. Be2 Qa5 16. O-O Bxd4 17. Bxd4 Qxd2 18. Bd3 Be6 19. Qxb5 Nc6 20. Be3 a6 21.
Bxd2 axb5 22. Bxb5 Bxa2 23. Bxc6 Rxc6 24. Rbc1 Rxc1 25. Rxc1 Rb8 26. f3 Rb1 27.
Rxb1 Bxb1 28. h4 h5 29. Bb4 Kf8 30. Kf2 Ke8 1/2-1/2

[Event "23rd European Teams"]
[Site "Terme Catez SLO"]
[Date "2021.11.21"]
[Round "9.15"]
[Board "1"]
[White "Gretarsson, Hjorvar Steinn"]
[Black "Saraci, Nderim"]
[Result "1/2-1/2"]
[WhiteTitle "GM"]
[BlackTitle "IM"]
[WhiteElo "2574"]
[BlackElo "2486"]
[WhiteTeam "Iceland"]
[BlackTeam "Kosovo"]
[WhiteFideId "2302241"]
[BlackFideId "6351921"]
[EventDate "2021.11.12"]

1. c4 Nf6 2. Nc3 c5 3. Nf3 Nc6 4. d4 cxd4 5. Nxd4 g6 6. e4 Bg7 7. Be3 O-O 8. Be2
d6 9. h3 Bd7 10. O-O Nxd4 11. Bxd4 Bc6 12. Qc2 a5 13. Rad1 Nd7 14. Be3 a4 15.
Nd5 e6 16. Nb4 Qc7 17. Rd2 Nc5 18. Bf3 Be5 19. Rfd1 Rfc8 20. h4 Be8 21. Bd4 Bf4
22. Re2 Nd7 23. b3 Ne5 24. Qc3 axb3 25. axb3 b5 26. g3 Bh6 27. Bxe5 dxe5 28. Nd3
bxc4 29. bxc4 Qxc4 30. Qxc4 Rxc4 31. Nxe5 Rc3 32. Bg2 Bg7 33. Ng4 h5 34. e5 Rac8
35. Nf6+ Bxf6 36. exf6 Ba4 37. Rd4 Rc1+ 38. Kh2 Bc6 39. Red2 Bd5 40. Bxd5 exd5
41. Rxd5 R8c6 42. Rd6 Kh7 43. Kg2 Kh6 44. f3 g5 45. hxg5+ Kxg5 46. f4+ Kg4 47.
R6d5 R1c5 48. Rxc5 Rxc5 49. Kf2 Kf5 50. Rd6 Kg6 51. Kg2 Rf5 52. Kh3 Rxf6 53. Rd8
Rf5 54. Kh4 Ra5 55. Rg8+ Kf6 56. Kh3 Rb5 57. Rc8 Kg6 58. Ra8 1/2-1/2